000 00740nam a2200217Ia 4500
003 GCL
008 140319s9999 xx 000 0 ara d
040 _aGCL /
_cGCL
082 0 4 _a809
_bا ث
100 1 _aايفاشيفا، فالنتينا
245 1 0 _aالثورة التكنولوجية والادب /
_cايفاشيفا، فالنتينا
700 1 _aعبدالحميد سليم
260 _aالقاهرة :
_bالهيئة المصرية العامة للكتاب ،
_c1985
300 _a315 ص ؛
_c24 سم
490 _aعلى ابواب القرن الحادى والعشرون
_v0
650 0 4 _aفلسفة
650 0 4 _aالادب
650 0 4 _aنظريات
650 0 4 _aالوصف الادبى
942 _2ddc
_cBK
999 _c33181
_d33181